| 000 | 00486nam a2200145Ia 4500 | ||
|---|---|---|---|
| 005 | 20260430133740.0 | ||
| 008 | 260429s9999||||xx |||||||||||||| ||und|| | ||
| 020 | _a9781633692305 | ||
| 082 |
_a658.45 _bBEE |
||
| 100 | _aBeer, Michael | ||
| 245 | 0 |
_aFit to compete : _bwhy honest conversations about your company's capabilities are the key to a winning strategy / _cMichael Beer |
|
| 260 |
_aBoston : _bHarvard Business Review Press, _c2020. |
||
| 300 | _axiv, 285 p.; hb | ||
| 942 | _cCU | ||
| 999 |
_c53815 _d53815 |
||